Lecture notes on Tropical medicine

Salvato in:
Dettagli Bibliografici
Autore principale: Dion R Bell
Natura: Libro
Lingua:Undetermined
Pubblicazione: Oxford Blackwell Science 1987
Soggetti:
Tags: Aggiungi Tag
Nessun Tag, puoi essere il primo ad aggiungerne! !
Thư viện lưu trữ: Trung tâm Học liệu Trường Đại học Cần Thơ
LEADER 00476nam a2200169Ia 4500
001 CTU_45940
008 210402s9999 xx 000 0 und d
082 |a 616.90913 
082 |b B433 
100 |a Dion R Bell 
245 0 |a Lecture notes on Tropical medicine 
245 0 |c Dion R Bell 
260 |a Oxford 
260 |b Blackwell Science 
260 |c 1987 
650 |a tropical medicine - handbooks, manuals, etc 
980 |a Trung tâm Học liệu Trường Đại học Cần Thơ